Terceiros colocados da Copa do Mundo da FIFA - Statistics

Estatísticas Gerais
  • Esse quiz foi jogado 30 vezes
  • A pontuação média é 20 de 22
Estatísticas das Respostas
Ano Sedes Equipe % Correto
1934 Itália Alemanha
100%
2006 Alemanha Alemanha
100%
2010 África do Sul Alemanha
100%
1970 México Alemanha Ocidental
100%
2018 Rússia Bélgica
100%
1938 França Brasil
100%
1978 Argentina Brasil
100%
1998 França Croácia
100%
2022 Catar Croácia
100%
2014 Brasil Holanda
100%
1990 Itália Itália
100%
1950 Brasil Suécia
96%
1994 Estados Unidos Suécia
96%
1958 Suécia França
92%
1986 México França
92%
1966 Inglaterra Portugal
92%
1962 Chile Chile
88%
2002 Coreia do Sul e Japão Turquia
88%
1930 Uruguai Estados Unidos
80%
1954 Suíça Áustria
76%
1974 Alemanha Ocidental Polônia
68%
1982 Espanha Polônia
68%
Nenhum quiz correspondente encontrado
Distribuição das Pontuações
Porcentagem de Pessoas com Cada Pontuação
Percentil de Números Respondidos
Sua Pontuação Histórica
Você não jogou esse quiz